| 000 | 01315cam a2200397 i 4500 | ||
|---|---|---|---|
| 001 | 44416 | ||
| 005 | 20230410105416.0 | ||
| 008 | 760521s1976 nyua b 001 0 eng | ||
| 010 | _a 76018312 | ||
| 035 | _a(OCoLC)ocm02563165 | ||
| 040 |
_aDLC _cDLC _dUBA _dBTCTA _dDRFGD |
||
| 020 | _a0126411506 | ||
| 020 | _a9780126411508 | ||
| 029 | 1 |
_aNLGGC _b77005238X |
|
| 029 | 1 |
_aNZ1 _b4388915 |
|
| 035 | _a(OCoLC)2563165 | ||
| 050 | 1 | 4 |
_aHB 881 _bS561m 1976 |
| 082 | 0 | 0 | _a301.32/01/82 |
| 100 | 1 | _aShryock, Henry S. | |
| 245 | 1 | 4 |
_aThe methods and materials of demography / _cHenry S. Shryock, Jacob S. Siegel, and associates. |
| 250 |
_aCondensed ed. / _bby Edward G. Stockwell. |
||
| 260 |
_aNew York : _bAcademic Press, _cc1976. |
||
| 300 |
_aix, 577 p. : _bill. ; _c29 cm. |
||
| 440 | 0 | _aStudies in population | |
| 504 | _aIncludes bibliographies and indexes. | ||
| 650 | 0 | _aDemography. | |
| 650 | 7 |
_aCenso Demografico _2larpcal |
|
| 700 | 1 | _aSiegel, Jacob S. | |
| 700 | 1 | _aStockwell, Edward G. | |
| 856 | 4 | 2 |
_3Publisher description _uhttp://www.loc.gov/catdir/description/els031/76018312.html |
| 856 | 4 | 1 |
_3Table of contents _uhttp://www.loc.gov/catdir/toc/els031/76018312.html |
| 938 |
_aBaker and Taylor _bBTCP _n76018312 |
||
| 942 |
_2lcc _cbk |
||
| 946 | _almminaya | ||
| 994 |
_aC0 _bDRFGD |
||
| 999 |
_c36091 _d36091 |
||